| 000 | 00551nam a2200205Ia 4500 | ||
|---|---|---|---|
| 005 | 20250508151343.0 | ||
| 008 | 008 250505s9999 xx 000 0 eng d | ||
| 037 | _aTextual | ||
| 040 |
_aFEDL _beng _cFEDL |
||
| 041 |
_aeng _2eng |
||
| 084 |
_a150.72, KUP _qFEDL |
||
| 100 | _aKuppuswamy B | ||
| 245 | 0 | _aExementary experiments in psychology | |
| 260 |
_aOxford, UK _bGeoffrey Cumberlege _c1954 |
||
| 300 | _avii,145p. | ||
| 365 |
_aINR _b5 |
||
| 650 | _aPsychology | ||
| 942 |
_cTEXL _h150.72, KUP |
||
| 999 |
_c1329244 _d1329244 |
||